| 000 | 00472nam a22001697a 4500 | ||
|---|---|---|---|
| 003 | OSt | ||
| 005 | 20140310182445.0 | ||
| 008 | 130312t xxu||||| |||| 00| 0 eng d | ||
| 020 | _a9780853699002 | ||
| 050 |
_aRA 975.5 _b.H828 2011 |
||
| 100 |
_aStephens, Martin _97679 |
||
| 245 |
_aHospital pharmacy / _cMartin Stephens. |
||
| 260 |
_aLondon : _bPharmaceutical Press, _cc2011. |
||
| 300 |
_c23 cm. _axxxiii. 313 p. ; _bill. ; |
||
| 942 |
_2lcc _cSSLC |
||
| 999 |
_c13586 _d13586 |
||